000 00774nam a2200229Ia 4500
005 20220317000946.0
008 160825s2007 ck a g 000 0 spa
020 _a9789587045012
082 0 4 _a322.42
_bM64t
100 1 _aMolano Bravo, Alfredo
_d1944-
245 1 0 _aTrochas y fusiles
_bhistorias de combatientes
_cAlfredo Molano ; prólogo de William Ramírez Tobón
250 _a1a. edición
300 _a210 páginas
_bilustraciones
_c23 cm
490 _aPunto de Lectura
_pnarrativa
650 1 4 _2LEMB
_aGuerrillas
_xHistoria
_zColombia
942 _2ddc
_cBK
264 _aBogotá
_bEl Áncora
_c2007
336 _atexto
_btxt
_2rdacontent
337 _asin mediación
_bn
_2rdamedia
338 _avolumen
_bnc
_2rdacarrier
040 _aCO-BoRNBP
_bspa
_erda
_cCO-BoRNBP
999 _c5519
_d5519